LEADER 03198oam 22007335 450 001 9910974272203321 005 20240509101936.0 010 $a9780821384923 010 $a0821384929 024 7 $a10.1596/978-0-8213-8482-4 035 $a(CKB)3460000000023777 035 $a(EBL)589785 035 $a(OCoLC)664113437 035 $a(SSID)ssj0000410033 035 $a(PQKBManifestationID)11282197 035 $a(PQKBTitleCode)TC0000410033 035 $a(PQKBWorkID)10349354 035 $a(PQKB)10576612 035 $a(MiAaPQ)EBC589785 035 $a(Au-PeEL)EBL589785 035 $a(CaPaEBR)ebr10796132 035 $a(The World Bank)ocn639940256 035 $a(US-djbf)16266731 035 $a(Perlego)1483951 035 $a(EXLCZ)993460000000023777 100 $a20100604d2010 uy 0 101 0 $aeng 135 $aurcn||||||||| 181 $ctxt$2rdacontent 182 $cc$2rdamedia 183 $acr$2rdacarrier 200 10$aNatural resources in Latin America and the Caribbean : $ebeyond booms and busts? /$fEmily Sinnott, John Nash, Augusto de la Torre 205 $a1st ed. 210 1$aWashington, D.C. :$cWorld Bank,$dc2010. 215 $axi, 82 pages $cillustrations ;$d28 cm 225 1 $aWorld Bank Latin American and Caribbean studies 225 0$aWorld Bank Latin American and Caribbean studies 300 $aDescription based upon print version of record. 311 08$a9780821384824 311 08$a0821384821 320 $aIncludes bibliographical references. 327 $aIntroduction -- Stylized facts of commodity production and trade in LAC -- Natural resources and long-term growth : exploring the linkages -- Institutions and the resource curse or blessing -- Managing commodity price volatility -- Environmental and social consequences of commodity production -- Conclusions and policy implications. 330 $aThe question of how to treat commodity production and how to manage recurrent cycles of booms and busts has always been a challenge for policymakers in commodity-dependent countries, including many in the LAC region. These challenges have led to allegations of a "commodity curse'' that retards development in these countries, but as of yet, there is no consensus as to whether such a curse exists, and if so, how can negative effects be minimized. This book contributes to this debate. Much of the report is focused on an examination of specific channels through which commodity dependence may affec 410 0$aWorld Bank e-Library. 410 0$aWorld Bank Latin American and Caribbean studies. 606 $aNatural resources$zCaribbean Area 606 $aNatural resources$zLatin America 615 0$aNatural resources 615 0$aNatural resources 676 $a333.7098 700 $aSinnott$b Emily$01812199 701 $aNash$b John$f1953-$01809195 701 $aTorre$b Augusto de la$0126302 801 0$bDLC 801 1$bDLC 801 2$bYDX 801 2$bCDX 801 2$bYDXCP 801 2$bBWX 801 2$bDLC 906 $aBOOK 912 $a9910974272203321 996 $aNatural resources in Latin America and the Caribbean$94364509 997 $aUNINA LEADER 05421nam 22006135 450 001 9910908376103321 005 20250717133311.0 010 $a9789462656437 024 7 $a10.1007/978-94-6265-643-7 035 $a(CKB)36619446700041 035 $a(MiAaPQ)EBC31786582 035 $a(Au-PeEL)EBL31786582 035 $a(DE-He213)978-94-6265-643-7 035 $a(OCoLC)1477223589 035 $a(EXLCZ)9936619446700041 100 $a20241119d2024 u| 0 101 0 $aeng 135 $aur||||||||||| 181 $ctxt$2rdacontent 182 $cc$2rdamedia 183 $acr$2rdacarrier 200 10$aAnimal Law Worldwide $eKey Issues and Main Trends Across 27 Jurisdictions /$fedited by Federico Dalpane, Maria Baideldinova 205 $a1st ed. 2024. 210 1$aThe Hague :$cT.M.C. Asser Press :$cImprint: T.M.C. Asser Press,$d2024. 215 $a1 online resource (498 pages) 225 0 $aLaw and Criminology Series 311 08$a9789462656420 327 $aChapter 1. An Introduction to Belgian Animal Welfare Law -- Chapter 2. Animals and the Law in Bolivia -- Chapter 3. Animal Law in Chile: Overview and Current Challenges -- Chapter 4. Legal Regulation Concerning Animals in China -- Chapter 5. Animals in the Colombian Legal System -- Chapter 6. Animal Law in Denmark and the Enforcement Gap -- Chapter 7. The European Union?s Approach to the Legal Regulation of Basic and Preclinical Animal Research -- Chapter 8. Animal Law and the Constitutional Status of Animals in Finland -- Chapter 9. The Steady Creep of Concentrated Animal Feeding Operations in India: Implications for People and the Planet -- Chapter 10. Recent Developments in Animal Welfare Law in Ireland -- Chapter 11. Animals in the Italian Legal System: Among Constitutional Provisions and Other Sources of the Law -- Chapter 12. Kazakhstan: Stray Population Management Policy and Legislation -- Chapter 13. Legal Protection of Animals in Kyrgyzstan, Tajikistan, and Uzbekistan -- Chapter 14. Animal Law in Mexico: A Genealogical Approach to Speciesist Positivism -- Chapter 15. The Intrinsic Value of Animals in the Netherlands: Empty Rhetoric or a Step towards Animal Rights? -- Chapter 16. A Perspective of Animal Law in Peru -- Chapter 17. Animal Law in Poland -- Chapter 18. Animal Law in Romania: A Global Discourse in Place -- Chapter 19. Animal Protection Laws in Serbia: Inefficient Implementation and Suggestions for Improvement -- Chapter 20. How is the Law Protecting Animal Communities in Slovenia? -- Chapter 21. Punished on Religious Grounds: A Critical Analysis on the Legal Protection Granted for Temple Elephants in Sri Lanka -- Chapter 22. Ought Sweden Protect Animals by the Constitution? A Comparative Constitutional Animal Law Study -- Chapter 23. Developments in Swiss Animal Law ? Status Quo, Achievements and Demands for the Future -- Chapter 24. UK Animal Protection Legislation: The Animal Welfare (Service Animals) Act 2019 -- Chapter 25. Certain Issues of Formation and Development of Animal Law in Ukraine. 330 $aThis book provides a criminological analysis of the evolving BDSM scene in Central Europe, with an emphasis on selected post-communist countries. It explores how the region?s communist past delayed the development of BDSM communities and public discourse compared to Western Europe. Examining themes like mediatization, commodification, and globalization, the book traces the shift of sadomasochism from a criminalized and medicalized diagnosis to an accepted, consensual sexual practice. Focusing on issues of law, consent, and societal norms, this book investigates the growing online BDSM communities and the rising demand for paid services, including the phenomenon of financial domination. By analyzing professional BDSM practices, the book addresses how criminal law intersects with consensual sadomasochism, highlighting the complexities of distinguishing between consensual and non-consensual acts in both legal and social contexts. Using quantitative research, the book also presents data on societal attitudes toward BDSM in the Czech Republic, shedding light on the growing tolerance of consensual BDSM practices, even among university students. These findings are critical in understanding how legal frameworks and public perceptions influence the stigmatization or acceptance of BDSM within criminology. As the first comprehensive criminological study of BDSM in Central Europe, this book offers a unique perspective on the intersection of sexual practices, law, and society. 606 $aInternational law 606 $aConstitutional law 606 $aInternational criminal law 606 $aAdministrative law 606 $aPublic International Law 606 $aConstitutional Law 606 $aInternational Criminal Law 606 $aAdministrative Law 615 0$aInternational law. 615 0$aConstitutional law. 615 0$aInternational criminal law. 615 0$aAdministrative law. 615 14$aPublic International Law. 615 24$aConstitutional Law. 615 24$aInternational Criminal Law. 615 24$aAdministrative Law. 676 $a344.049 700 $aDalpane$b Federico$01775866 701 $aBaideldinova$b Maria$01775867 801 0$bMiAaPQ 801 1$bMiAaPQ 801 2$bMiAaPQ 912 $a9910908376103321 996 $aAnimal Law Worldwide$94291060 997 $aUNINA